[Event "4. Copenhagen Open Politiken Cup"]
[Site "Brndby"]
[Date "1982.??.??"]
[Round "10"]
[White "Boehm, Jurgen"]
[Black "Van Mil, Johan"]
[Result "0-1"]
[WhiteElo "2250"]
[BlackElo "2315"]
[PlyCount "98"]
[EventDate "1982.??.??"]
[EventType "swiss"]
[EventRounds "10"]
[EventCountry "DEN"]
[SourceDate "2004.01.01"]

1. d4 Nf6 2. Nf3 g6 3. Nc3 d5 4. Bf4 Bg7 5. e3 O-O 6. Be2 b6 7. Ne5 Bb7 8. O-O
Nbd7 9. Bf3 c5 10. Nxd7 Qxd7 11. Be5 Rfd8 12. Ne2 Bh6 13. c3 Ne8 14. h3 e6 15.
Re1 Qe7 16. Bh2 Bg7 17. Qc2 Rac8 18. Rad1 Nd6 19. Ng3 cxd4 20. exd4 b5 21. Qb3
Qd7 22. Nf1 Nc4 23. Ne3 a5 24. a3 Bc6 25. Kh1 b4 26. Qa2 bxc3 27. Nxc4 c2 28.
Nb6 cxd1=Q 29. Rxd1 Qa7 30. Nxc8 Rxc8 31. Be5 Bxe5 32. dxe5 Qxf2 33. Qb3 Qc5
34. Qd3 Ba4 35. Re1 Bc2 36. Qd2 Bb3 37. Be2 a4 38. Bd3 Qd4 39. Qe2 Bc4 40. Bxc4
Qxc4 41. Qf2 d4 42. Rf1 Rc7 43. Qf6 Rd7 44. Qf4 Qb5 45. h4 d3 46. Rf2 Qc5 47.
Rd2 Rd4 48. Qg5 h6 49. Qxh6 Qxe5 0-1

[Event "4. Copenhagen Open Politiken Cup"]
[Site "Brndby"]
[Date "1982.??.??"]
[Round "10"]
[White "Ermenkov, Evgeny"]
[Black "Brondum, Eric"]
[Result "1-0"]
[WhiteElo "2460"]
[BlackElo "2275"]
[PlyCount "75"]
[EventDate "1982.??.??"]
[EventType "swiss"]
[EventRounds "10"]
[EventCountry "DEN"]
[SourceDate "2004.01.01"]

1. e4 c5 2. Nf3 Nf6 3. e5 Nd5 4. d4 cxd4 5. Qxd4 e6 6. Bd3 Nc6 7. Qe4 d6 8. O-O
Qc7 9. exd6 Bxd6 10. Na3 a6 11. Nc4 Be7 12. a4 b6 13. Re1 Bb7 14. Ng5 Nf6 15.
Qh4 Nd5 16. Qh5 g6 17. Qh6 O-O-O 18. a5 bxa5 19. Qh3 Bb4 20. c3 Bc5 21. Ne4 Ba7
22. Bf1 h6 23. Qg3 e5 24. Rd1 f5 25. Ned6+ Rxd6 26. Nxd6+ Qxd6 27. c4 Nd4 28.
cxd5 Qxd5 29. Qc3+ Kb8 30. Qxa5 Qxa5 31. Rxa5 Rd8 32. Re1 e4 33. Bxh6 Bb6 34.
Ra4 Bc7 35. Bg5 Rh8 36. h3 Rxh3 37. Rxd4 Rh5 38. Rd8+ 1-0

[Event "4. Copenhagen Open Politiken Cup"]
[Site "Brndby"]
[Date "1982.??.??"]
[Round "10"]
[White "Fries Nielsen, Jens Ove"]
[Black "Jensen, Allan Astrup"]
[Result "1/2-1/2"]
[WhiteElo "2355"]
[BlackElo "2245"]
[PlyCount "43"]
[EventDate "1982.??.??"]
[EventType "swiss"]
[EventRounds "10"]
[EventCountry "DEN"]
[SourceDate "2004.01.01"]

1. e4 e5 2. Nf3 Nc6 3. Bb5 a6 4. Ba4 Nf6 5. d3 b5 6. Bb3 Bb7 7. O-O Be7 8. Nc3
d6 9. a4 b4 10. Nd5 Nxd5 11. Bxd5 Na5 12. Bxb7 Nxb7 13. d4 f6 14. Qe2 Na5 15.
Be3 O-O 16. b3 Qe8 17. Bd2 c5 18. dxc5 dxc5 19. Nh4 g6 20. Bh6 Rf7 21. Rad1 Nc6
22. Be3 1/2-1/2

[Event "4. Copenhagen Open Politiken Cup"]
[Site "Brndby"]
[Date "1982.??.??"]
[Round "10"]
[White "Gallmeyer, Peter"]
[Black "Ernst, Thomas"]
[Result "0-1"]
[WhiteElo "2225"]
[BlackElo "2355"]
[PlyCount "82"]
[EventDate "1982.??.??"]
[EventType "swiss"]
[EventRounds "10"]
[EventCountry "DEN"]
[SourceDate "2004.01.01"]

1. d4 Nf6 2. Nf3 d5 3. c4 dxc4 4. e3 e6 5. Bxc4 c5 6. O-O a6 7. a4 Nc6 8. Qe2
cxd4 9. Rd1 Be7 10. exd4 O-O 11. Nc3 Nd5 12. Bd3 Ncb4 13. Bb1 b6 14. Nxd5 Nxd5
15. Ne5 Bb7 16. Qe4 g6 17. Re1 Bf6 18. Bh6 Re8 19. Ra3 Rc8 20. Qg4 Rc7 21. Rf3
Bg7 22. Qh3 Nf6 23. Bxg7 Kxg7 24. Rf4 Qe7 25. Ba2 Rec8 26. Qe3 g5 27. Rf3 Bxf3
28. Qxg5+ Kh8 29. Nxf3 Ng8 30. Qe3 Rc2 31. Bb1 Rxb2 32. d5 Nf6 33. dxe6 fxe6
34. Ng5 Rc4 35. Bd3 Rb3 36. Qe2 Rxa4 37. Qc2 Rba3 38. Nxe6 Ra1 39. Qc8+ Qe8 40.
Qc3 Rxe1+ 41. Qxe1 Ra5 0-1

[Event "4. Copenhagen Open Politiken Cup"]
[Site "Brndby"]
[Date "1982.??.??"]
[Round "10"]
[White "Hazai, Laszlo"]
[Black "Gulbrandsen, Arne Vinje"]
[Result "0-1"]
[WhiteElo "2450"]
[BlackElo "2370"]
[PlyCount "74"]
[EventDate "1982.??.??"]
[EventType "swiss"]
[EventRounds "10"]
[EventCountry "DEN"]
[SourceDate "2004.01.01"]

1. e4 e5 2. Nf3 Nc6 3. Bb5 a6 4. Ba4 d6 5. O-O Nge7 6. c3 Bd7 7. d4 Ng6 8. d5
Nb8 9. Bxd7+ Nxd7 10. c4 Be7 11. Be3 O-O 12. Nc3 Nh4 13. Nxh4 Bxh4 14. Qd2 f5
15. exf5 Rxf5 16. Ne4 Nf6 17. f3 Nxe4 18. fxe4 Rxf1+ 19. Rxf1 b6 20. g3 Bf6 21.
Qf2 Qd7 22. Qf5 Qxf5 23. exf5 Kf7 24. Kg2 g6 25. g4 gxf5 26. Rxf5 Kg6 27. b3
Rh8 28. Rh5 b5 29. Kf3 bxc4 30. bxc4 Rb8 31. Rh6+ Kg7 32. g5 Be7 33. Ke4 Rb4
34. Re6 Kf7 35. Kd3 Ra4 36. Rh6 Ra3+ 37. Ke4 Rxe3+ 0-1

[Event "4. Copenhagen Open Politiken Cup"]
[Site "Brndby"]
[Date "1982.??.??"]
[Round "10"]
[White "Horvath, Tamas"]
[Black "Hoi, Carsten"]
[Result "1-0"]
[WhiteElo "2400"]
[BlackElo "2425"]
[PlyCount "63"]
[EventDate "1982.??.??"]
[EventType "swiss"]
[EventRounds "10"]
[EventCountry "DEN"]
[SourceDate "2004.01.01"]

1. e4 e6 2. d4 d5 3. Nd2 Nf6 4. e5 Ng8 5. Bd3 b6 6. c4 Ne7 7. Ne2 Bb7 8. O-O
Nbc6 9. a3 Qd7 10. b4 dxc4 11. Nxc4 O-O-O 12. Be3 f6 13. f4 Nd5 14. b5 Na5 15.
Nxa5 Nxe3 16. Qc1 Qd5 17. Rf2 bxa5 18. Qxe3 g5 19. Bc2 Bg7 20. Bb3 Qxb5 21.
Bxe6+ Kb8 22. Nc3 gxf4 23. Qh3 Qc6 24. Rb1 f3 25. Qxf3 Qxf3 26. gxf3 Ka8 27.
Rfb2 Bc6 28. d5 Rhe8 29. Bf7 Bd7 30. e6 Re7 31. d6 cxd6 32. exd7 1-0

[Event "4. Copenhagen Open Politiken Cup"]
[Site "Brndby"]
[Date "1982.??.??"]
[Round "10"]
[White "Hvenekilde, Jorgen"]
[Black "Rosenlund, Thorbjorn"]
[Result "0-1"]
[WhiteElo "2285"]
[BlackElo "2260"]
[PlyCount "84"]
[EventDate "1982.??.??"]
[EventType "swiss"]
[EventRounds "10"]
[EventCountry "DEN"]
[SourceDate "2004.01.01"]

1. d4 Nf6 2. c4 c5 3. d5 b5 4. cxb5 a6 5. g4 Bb7 6. Bg2 e6 7. e4 exd5 8. exd5
h6 9. Nh3 d6 10. O-O Be7 11. Re1 axb5 12. Nc3 b4 13. Nb5 O-O 14. a4 Nbd7 15. g5
hxg5 16. Bxg5 Re8 17. b3 Ne5 18. f4 Ng6 19. Ra2 Nh7 20. Be4 Nxg5 21. Nxg5 Bxg5
22. fxg5 Re5 23. Rg2 Rxg5 24. Qd2 Rxg2+ 25. Qxg2 Qe7 26. Qg3 Ne5 27. Bg2 Re8
28. Rf1 Ba6 29. h4 Bxb5 30. axb5 Qb7 31. h5 Qxb5 32. h6 g6 33. Rf6 Qe2 34. Rxd6
Qd1+ 35. Kh2 Qh5+ 36. Kg1 Qxh6 37. Rf6 Qc1+ 38. Rf1 Qd2 39. Rf4 Qe1+ 40. Kh2
Kg7 41. Rh4 f5 42. Kh3 Qc3 0-1

[Event "4. Copenhagen Open Politiken Cup"]
[Site "Brndby"]
[Date "1982.??.??"]
[Round "10"]
[White "Iskov, Gert"]
[Black "Akesson, Ralf"]
[Result "1-0"]
[WhiteElo "2380"]
[BlackElo "2405"]
[PlyCount "81"]
[EventDate "1982.??.??"]
[EventType "swiss"]
[EventRounds "10"]
[EventCountry "DEN"]
[SourceDate "2004.01.01"]

1. e4 c5 2. Nf3 d6 3. d4 cxd4 4. Nxd4 Nf6 5. Nc3 e6 6. g3 Be7 7. Bg2 O-O 8. O-O
a6 9. a4 Qc7 10. Re1 Nc6 11. Nxc6 bxc6 12. a5 Bb7 13. Bf4 Nd7 14. Qd2 Rfd8 15.
Rad1 e5 16. Be3 Qxa5 17. Nd5 Qxd2 18. Nxe7+ Kf8 19. Bxd2 Kxe7 20. Ba5 Rdc8 21.
Bh3 c5 22. Rxd6 Bc6 23. Red1 Ra7 24. f4 exf4 25. gxf4 Rb7 26. e5 c4 27. c3 Ke8
28. e6 fxe6 29. Rxe6+ Kf7 30. Red6 Ke7 31. Bb4 Kd8 32. Re6 Rxb4 33. cxb4 Ba4
34. Rd4 c3 35. bxc3 Rxc3 36. Bg4 Rc1+ 37. Kf2 Bb5 38. Red6 Rc7 39. Bxd7 Rxd7
40. Rxd7+ Bxd7 41. Rd6 1-0

[Event "4. Copenhagen Open Politiken Cup"]
[Site "Brndby"]
[Date "1982.??.??"]
[Round "10"]
[White "Jacobsen, Bo"]
[Black "Heinbuch, Detlef"]
[Result "1-0"]
[WhiteElo "2315"]
[BlackElo "2300"]
[PlyCount "81"]
[EventDate "1982.??.??"]
[EventType "swiss"]
[EventRounds "10"]
[EventCountry "DEN"]
[SourceDate "2004.01.01"]

1. c4 c5 2. g3 Nc6 3. Bg2 g6 4. Nc3 Bg7 5. d3 e6 6. h4 h5 7. Nh3 Nh6 8. Bg5 f6
9. Bd2 O-O 10. Nf4 Kh7 11. a3 Rb8 12. Rb1 a5 13. Ne4 Qe7 14. Qa4 d6 15. Bxa5
Ra8 16. b4 Nf7 17. Qc2 Nxa5 18. bxa5 f5 19. Nd2 Rxa5 20. Rb3 Nd8 21. Nf3 Qe8
22. e3 Bd7 23. Qd2 Ra7 24. d4 cxd4 25. exd4 e5 26. dxe5 dxe5 27. Ng5+ Kh6 28.
Nfe6 Bxe6 29. Nxe6+ Kh7 30. Nxf8+ Qxf8 31. Bd5 Rxa3 32. Rxa3 Qxa3 33. Bg8+ Kxg8
34. Qxd8+ Kh7 35. O-O Qc3 36. Rb1 Qxc4 37. Rxb7 Qc1+ 38. Kh2 Qe1 39. Qb6 f4 40.
gxf4 exf4 41. Qd4 1-0

[Event "4. Copenhagen Open Politiken Cup"]
[Site "Brndby"]
[Date "1982.??.??"]
[Round "10"]
[White "Jahr, Ulrich"]
[Black "Jensen, Vagn"]
[Result "1/2-1/2"]
[WhiteElo "2240"]
[BlackElo "2220"]
[PlyCount "42"]
[EventDate "1982.??.??"]
[EventType "swiss"]
[EventRounds "10"]
[EventCountry "DEN"]
[SourceDate "2004.01.01"]

1. e4 e5 2. Nf3 Nc6 3. c3 Nf6 4. d4 exd4 5. e5 Nd5 6. cxd4 Bb4+ 7. Bd2 Bxd2+ 8.
Nbxd2 O-O 9. Qb3 Nb6 10. Bb5 a6 11. Bd3 d6 12. O-O Be6 13. Qc2 h6 14. a3 Nd5
15. Be4 Nf4 16. Bxc6 bxc6 17. Qxc6 Bd5 18. Qc2 Qd7 19. h3 Nxh3+ 20. gxh3 Qxh3
21. Rfe1 Qg4+ 1/2-1/2

[Event "4. Copenhagen Open Politiken Cup"]
[Site "Brndby"]
[Date "1982.??.??"]
[Round "10"]
[White "Kaiszauri, Konstanty"]
[Black "Cramling, Pia"]
[Result "1/2-1/2"]
[WhiteElo "2395"]
[BlackElo "2260"]
[PlyCount "93"]
[EventDate "1982.??.??"]
[EventType "swiss"]
[EventRounds "10"]
[EventCountry "DEN"]
[SourceDate "2004.01.01"]

1. c4 g6 2. g3 Bg7 3. Bg2 e5 4. Nc3 Nc6 5. Rb1 a5 6. a3 Nf6 7. b4 axb4 8. axb4
O-O 9. d3 d6 10. b5 Nd4 11. e3 Ne6 12. Nge2 Nh5 13. O-O f5 14. Nd5 Bd7 15. Bd2
g5 16. f4 gxf4 17. exf4 exf4 18. Nexf4 Nhxf4 19. Nxf4 Bd4+ 20. Kh1 Nc5 21. Re1
c6 22. bxc6 bxc6 23. Be3 Bxe3 24. Rxe3 Qf6 25. h4 Rfb8 26. Rxb8+ Rxb8 27. Kh2
Kh8 28. Qh5 Rg8 29. Qe2 Rg4 30. Bh3 Rg8 31. Re7 Rg7 32. Rxg7 Qxg7 33. Qe3 Qe5
34. Qf2 Ne6 35. Nh5 Nd4 36. Bg2 Be8 37. Nf4 Bd7 38. Qa2 Be8 39. Qa6 Ne2 40.
Nxe2 Qxe2 41. Qb7 Qe5 42. d4 Qe6 43. Bxc6 Qe2+ 44. Bg2 Qe6 45. c5 dxc5 46. dxc5
h6 47. c6 1/2-1/2

[Event "4. Copenhagen Open Politiken Cup"]
[Site "Brndby"]
[Date "1982.??.??"]
[Round "10"]
[White "Sahl, Bjarke"]
[Black "Cummings, David H"]
[Result "0-1"]
[WhiteElo "2380"]
[BlackElo "2305"]
[PlyCount "81"]
[EventDate "1982.??.??"]
[EventType "swiss"]
[EventRounds "10"]
[EventCountry "DEN"]
[SourceDate "2004.01.01"]

1. c4 c5 2. g3 g6 3. Bg2 Bg7 4. Nc3 Nc6 5. a3 b6 6. Nh3 Bb7 7. O-O Nh6 8. d3
Nf5 9. Nf4 O-O 10. h4 h5 11. Rb1 d6 12. Ne4 Rb8 13. b4 Ba8 14. Bh3 e6 15. Ng5
Ne5 16. Bb2 Bh6 17. Bc1 Nd4 18. Bg2 Bxg2 19. Kxg2 Qd7 20. Ne4 Bg7 21. Bb2 Qc6
22. Kg1 Nf5 23. Ng2 d5 24. cxd5 exd5 25. Ng5 d4 26. Bc1 c4 27. b5 Qd7 28. dxc4
Nxc4 29. Nf4 Rbd8 30. a4 Rfe8 31. Qb3 Rc8 32. Rd1 Qc7 33. Bd2 Nxh4 34. Be1 Nf5
35. Rbc1 h4 36. Nd5 Qc5 37. Qf3 Ne5 38. Qe4 Qxc1 39. Rxc1 Rxc1 40. Kf1 hxg3 41.
f4 0-1

[Event "4. Copenhagen Open Politiken Cup"]
[Site "Brndby"]
[Date "1982.??.??"]
[Round "10"]
[White "Moe, Mogens"]
[Black "Sorensen, Bent"]
[Result "1-0"]
[WhiteElo "2365"]
[BlackElo "2305"]
[PlyCount "61"]
[EventDate "1982.??.??"]
[EventType "swiss"]
[EventRounds "10"]
[EventCountry "DEN"]
[SourceDate "2004.01.01"]

1. e4 e6 2. d4 d5 3. Nc3 Bb4 4. e5 c5 5. Bd2 Ne7 6. Nb5 Bxd2+ 7. Qxd2 O-O 8. c3
Bd7 9. Nd6 cxd4 10. cxd4 Qb6 11. a4 Nbc6 12. Nf3 a6 13. a5 Qc7 14. Bd3 f6 15.
Qc2 g6 16. h4 Nf5 17. h5 Nxd6 18. hxg6 Nf5 19. Rxh7 Nfxd4 20. Nxd4 Qxe5+ 21.
Kf1 f5 22. Nf3 Qd6 23. Qc1 f4 24. Qd1 Be8 25. Nh4 f3 26. gxf3 Qf4 27. Ra4 Nb4
28. Qe1 Nxd3 29. Qxe6+ Bf7 30. gxf7+ Kxh7 31. Qg6+ 1-0

[Event "4. Copenhagen Open Politiken Cup"]
[Site "Brndby"]
[Date "1982.??.??"]
[Round "10"]
[White "Portisch, Ferenc"]
[Black "Johansen, Darryl Keith"]
[Result "1/2-1/2"]
[WhiteElo "2410"]
[BlackElo "2275"]
[PlyCount "128"]
[EventDate "1982.??.??"]
[EventType "swiss"]
[EventRounds "10"]
[EventCountry "DEN"]
[SourceDate "2004.01.01"]

1. d4 d5 2. c4 dxc4 3. Nf3 a6 4. e3 Bg4 5. Bxc4 e6 6. Nc3 Nf6 7. h3 Bh5 8. g4
Bg6 9. Ne5 Nbd7 10. Nxg6 hxg6 11. Bf1 c5 12. Bg2 Qc7 13. g5 cxd4 14. exd4 Nh5
15. Qg4 Bd6 16. O-O O-O 17. Be3 Rad8 18. Rac1 Qb8 19. Rfd1 Nf4 20. d5 Nxg2 21.
Qxg2 Rfe8 22. Ne4 Nf8 23. dxe6 Nxe6 24. Nxd6 Rxd6 25. Rxd6 Qxd6 26. Qxb7 Qe5
27. Rc8 Rxc8 28. Qxc8+ Kh7 29. Qc4 a5 30. Qa4 Qxb2 31. Qxa5 Qb1+ 32. Kg2 Qe4+
33. Kg3 f5 34. gxf6 gxf6 35. Qa7+ Ng7 36. Qd7 g5 37. Qf7 Qe5+ 38. Kg2 Qe4+ 39.
Kh2 Qe5+ 40. Kg1 Qf5 41. Kh2 Qe5+ 42. Kg1 Qf5 43. Qb7 Kg6 44. a4 Qxh3 45. Qe4+
f5 46. Qg2 Qh5 47. Qc6+ Kf7 48. Qd5+ Kg6 49. a5 Qg4+ 50. Kf1 f4 51. Bb6 Qc8 52.
Qd3+ Nf5 53. f3 Kh5 54. Bf2 g4 55. fxg4+ Kxg4 56. a6 Qc1+ 57. Kg2 Qc6+ 58. Kh2
Ne3 59. Qe2+ f3 60. Qxe3 Qd6+ 61. Kg1 Qxa6 62. Qe4+ Kg5 63. Be3+ Kf6 64. Bd4+
Kf7 1/2-1/2

[Event "4. Copenhagen Open Politiken Cup"]
[Site "Brndby"]
[Date "1982.??.??"]
[Round "10"]
[White "Ravikumar, Vaidyanathan"]
[Black "Hartung Nielsen, Jens"]
[Result "1/2-1/2"]
[WhiteElo "2395"]
[BlackElo "2240"]
[PlyCount "110"]
[EventDate "1982.??.??"]
[EventType "swiss"]
[EventRounds "10"]
[EventCountry "DEN"]
[SourceDate "2004.01.01"]

1. d4 d5 2. Nf3 c5 3. dxc5 e6 4. a3 Bxc5 5. e3 Nf6 6. c4 O-O 7. Nc3 a6 8. b4
Bd6 9. Bb2 Nc6 10. cxd5 exd5 11. Be2 Bc7 12. O-O Qd6 13. Nb1 Bg4 14. Nbd2 Rfe8
15. g3 Rad8 16. Nb3 Bh3 17. Re1 Ne4 18. Nbd4 Qg6 19. Bd3 Ne5 20. Nxe5 Bxe5 21.
Qe2 Qd6 22. Rac1 Qd7 23. Rc2 h5 24. f3 Nxg3 25. hxg3 Bxg3 26. Kh1 Qe7 27. Rg1
Qh4 28. Rxg3 Qxg3 29. Bc3 Rc8 30. Be1 Rxc2 31. Nxc2 Qg5 32. f4 Qh6 33. Bc3 Bg4
34. Qg2 Qe6 35. Bd4 f6 36. Kh2 Bf5 37. Bf1 Be4 38. Qe2 Qf5 39. Ne1 Qg6 40. Bh3
Bf5 41. Qg2 Qxg2+ 42. Bxg2 Be4 43. Bh3 Kf7 44. a4 g5 45. fxg5 fxg5 46. Kg3 Kg6
47. Bc5 g4 48. Bf1 Kg5 49. Ng2 Bxg2 50. Kxg2 h4 51. a5 h3+ 52. Kg3 Rh8 53. Bd3
Re8 54. Be2 Rh8 55. Bd3 Re8 1/2-1/2

[Event "4. Copenhagen Open Politiken Cup"]
[Site "Brndby"]
[Date "1982.??.??"]
[Round "10"]
[White "Rind, Bruce"]
[Black "Kraehenbuehl, Gerhard"]
[Result "1-0"]
[WhiteElo "2390"]
[BlackElo "2305"]
[PlyCount "61"]
[EventDate "1982.??.??"]
[EventType "swiss"]
[EventRounds "10"]
[EventCountry "DEN"]
[SourceDate "2004.01.01"]

1. Nf3 Nf6 2. c4 g6 3. g3 Bg7 4. Bg2 O-O 5. O-O d6 6. d4 Nbd7 7. Nc3 e5 8. e4
exd4 9. Nxd4 Nc5 10. h3 Re8 11. Re1 a5 12. Qc2 a4 13. Be3 c6 14. Rab1 Nh5 15.
Rbd1 Qc7 16. Re2 f5 17. exf5 Bxd4 18. Rxd4 gxf5 19. Qd1 Qf7 20. Rxd6 Ne6 21.
Bc1 f4 22. Re5 Neg7 23. Rxe8+ Nxe8 24. Rd8 fxg3 25. fxg3 Nhg7 26. Ne4 Qxc4 27.
Nf6+ Kf7 28. Nxe8 Qc5+ 29. Kh2 Nxe8 30. Rxc8 Rxc8 31. Qd7+ 1-0

[Event "4. Copenhagen Open Politiken Cup"]
[Site "Brndby"]
[Date "1982.??.??"]
[Round "10"]
[White "Schneider, Lars Ake"]
[Black "Zieher, Hartmut"]
[Result "1-0"]
[WhiteElo "2435"]
[BlackElo "2260"]
[PlyCount "79"]
[EventDate "1982.??.??"]
[EventType "swiss"]
[EventRounds "10"]
[EventCountry "DEN"]
[SourceDate "2004.01.01"]

1. c4 c5 2. g3 Nf6 3. Bg2 d5 4. cxd5 Nxd5 5. Nc3 Nc7 6. Nf3 Nc6 7. a3 a5 8. d3
e5 9. Be3 Ne6 10. Rc1 Bd7 11. O-O Be7 12. Nd5 O-O 13. Nd2 Rb8 14. Nc4 Ned4 15.
Bd2 a4 16. Ncb6 Be6 17. e3 Nb3 18. Rc2 Qd6 19. Bc3 Bxd5 20. Nxd5 b5 21. f4 f6
22. Qh5 g6 23. Qf3 b4 24. Be1 f5 25. axb4 Nxb4 26. Bxb4 cxb4 27. Rc6 Qd8 28.
fxe5 Rf7 29. Qd1 Kf8 30. e6 Rg7 31. Qc2 Bf6 32. Nxf6 Qxf6 33. Rc8+ Rxc8 34.
Qxc8+ Ke7 35. Qd7+ Kf8 36. Qc8+ Ke7 37. Qd7+ Kf8 38. Qxa4 Qxe6 39. Qxb4+ Re7
40. e4 1-0

[Event "4. Copenhagen Open Politiken Cup"]
[Site "Brndby"]
[Date "1982.??.??"]
[Round "10"]
[White "Spassov, Liuben"]
[Black "Cox, John J"]
[Result "1-0"]
[WhiteElo "2410"]
[BlackElo "2285"]
[PlyCount "49"]
[EventDate "1982.??.??"]
[EventType "swiss"]
[EventRounds "10"]
[EventCountry "DEN"]
[SourceDate "2004.01.01"]

1. Nf3 Nf6 2. c4 e6 3. Nc3 b6 4. g3 Bb7 5. Bg2 Be7 6. d4 Ne4 7. Bd2 Bf6 8. O-O
O-O 9. Rc1 d6 10. d5 Nxc3 11. Bxc3 Bxc3 12. Rxc3 e5 13. e4 a5 14. Nd2 Nd7 15.
f4 Qe7 16. f5 f6 17. g4 Rac8 18. Rg3 c6 19. a4 Kh8 20. b3 Rg8 21. Kh1 Rcf8 22.
Nf3 g5 23. fxg6 hxg6 24. Nh4 Kg7 25. Nf5+ 1-0

[Event "4. Copenhagen Open Politiken Cup"]
[Site "Brndby"]
[Date "1982.??.??"]
[Round "10"]
[White "Sznapik, Aleksander"]
[Black "Jakobsen, Ole"]
[Result "1-0"]
[WhiteElo "2440"]
[BlackElo "2410"]
[PlyCount "89"]
[EventDate "1982.??.??"]
[EventType "swiss"]
[EventRounds "10"]
[EventCountry "DEN"]
[SourceDate "2004.01.01"]

1. e4 c5 2. Nf3 d6 3. d4 cxd4 4. Nxd4 Nf6 5. Nc3 a6 6. f4 e5 7. Nf3 Qc7 8. a4
Nbd7 9. Bd3 b6 10. O-O Bb7 11. Kh1 g6 12. Qe1 Bg7 13. Qh4 h6 14. fxe5 dxe5 15.
Bd2 Nh5 16. Rae1 Ndf6 17. Nxe5 Qxe5 18. Nd5 O-O-O 19. Nxb6+ Kb8 20. Nc4 Qe6 21.
Na5 g5 22. Qf2 Ng4 23. Qf3 Ba8 24. Bc4 Qb6 25. Bd5 Nhf6 26. Nc4 Qc7 27. Qb3+
Bb7 28. Qxb7+ Qxb7 29. Bxb7 Kxb7 30. e5 Ne8 31. Rxf7+ Kc6 32. Bc3 Kd5 33. b3
Ke6 34. Ra7 Rf8 35. Rxa6+ Kf5 36. h3 Nf2+ 37. Kg1 Nd1 38. Bb4 Rg8 39. Rf1+ Ke4
40. Re1+ Kf5 41. g4+ Kf4 42. Ra7 Kg3 43. Rf7 h5 44. Re4 hxg4 45. hxg4 1-0

[Event "4. Copenhagen Open Politiken Cup"]
[Site "Brndby"]
[Date "1982.??.??"]
[Round "10"]
[White "Sorensen, Henrik"]
[Black "Carlsson, Gerner"]
[Result "1/2-1/2"]
[WhiteElo "2235"]
[BlackElo "2210"]
[PlyCount "41"]
[EventDate "1982.??.??"]
[EventType "swiss"]
[EventRounds "10"]
[EventCountry "DEN"]
[SourceDate "2004.01.01"]

1. d4 d5 2. Nf3 Nf6 3. c3 e6 4. Bg5 c5 5. e3 Nbd7 6. Nbd2 a6 7. Bd3 Be7 8. O-O
O-O 9. h3 b5 10. a4 c4 11. Bc2 Bb7 12. Qe2 Ne4 13. Bxe7 Qxe7 14. Nxe4 dxe4 15.
Nd2 Nf6 16. f3 exf3 17. Nxf3 Ne4 18. Qe1 Bd5 19. Nd2 Qb7 20. Nxe4 Bxe4 21. Bxe4
1/2-1/2

[Event "4. Copenhagen Open Politiken Cup"]
[Site "Brndby"]
[Date "1982.??.??"]
[Round "10"]
[White "Thorsteins, Karl"]
[Black "Westerinen, Heikki"]
[Result "0-1"]
[WhiteElo "2305"]
[BlackElo "2440"]
[PlyCount "94"]
[EventDate "1982.??.??"]
[EventType "swiss"]
[EventRounds "10"]
[EventCountry "DEN"]
[SourceDate "2004.01.01"]

1. d4 Nf6 2. c4 d6 3. Nf3 Nbd7 4. g3 e5 5. Bg2 c6 6. O-O a6 7. b3 e4 8. Nfd2 d5
9. e3 Be7 10. f3 exf3 11. Bxf3 O-O 12. Nc3 Nb6 13. c5 Nbd7 14. Bb2 Re8 15. e4
dxe4 16. Ndxe4 Nxe4 17. Nxe4 Nf6 18. Re1 Be6 19. Ng5 Bd5 20. Qd3 Bxf3 21. Qxf3
Qd5 22. Ne4 Nxe4 23. Rxe4 f5 24. Re3 Qxf3 25. Rxf3 Bf6 26. Kf2 g6 27. Rd1 Red8
28. a4 Rd5 29. b4 Kf7 30. Ke2 Ke6 31. Kd3 Bxd4 32. Re1+ Re5 33. Rxe5+ Bxe5 34.
Re3 Rd8+ 35. Kc4 Rd5 36. b5 axb5+ 37. axb5 f4 38. bxc6 bxc6 39. Bxe5 Rxe5 40.
Rd3 Rd5 41. Re3+ Re5 42. Rd3 Re4+ 43. Kc3 Kf6 44. Rd8 Re2 45. Rd6+ Re6 46. Rd7
h5 47. Kd4 f3 0-1

[Event "4. Copenhagen Open Politiken Cup"]
[Site "Brndby"]
[Date "1982.??.??"]
[Round "10"]
[White "Wedberg, Tom"]
[Black "Hansen, Curt"]
[Result "1-0"]
[WhiteElo "2435"]
[BlackElo "2335"]
[PlyCount "111"]
[EventDate "1982.??.??"]
[EventType "swiss"]
[EventRounds "10"]
[EventCountry "DEN"]
[SourceDate "2004.01.01"]

1. d4 Nf6 2. c4 e6 3. Nc3 Bb4 4. Qc2 c5 5. dxc5 O-O 6. Bf4 Na6 7. a3 Bxc3+ 8.
Qxc3 Ne4 9. Qd4 Naxc5 10. b4 Nb3 11. Qxe4 Nxa1 12. Be5 a5 13. Bxa1 axb4 14. Qd4
Qg5 15. f4 Qg6 16. f5 Qf6 17. Qxf6 gxf6 18. Bxf6 bxa3 19. Nf3 b5 20. e3 a2 21.
Ba1 bxc4 22. Bxc4 Ba6 23. Bxa6 Rfb8 24. Kd2 Rxa6 25. fxe6 fxe6 26. Rc1 Rd6+ 27.
Ke2 Rb1 28. Rc8+ Kf7 29. Bh8 a1=Q 30. Ng5+ Ke7 31. Bxa1 Rxa1 32. Rh8 Ra2+ 33.
Kf3 Rdd2 34. Rxh7+ Kd8 35. Nf7+ Ke8 36. Ne5 Rf2+ 37. Ke4 d5+ 38. Kd4 Rfd2+ 39.
Kc5 Rdc2+ 40. Kd4 Ra4+ 41. Kd3 Rxg2 42. Nd7 Raa2 43. Nf6+ Kd8 44. Kd4 Rxh2 45.
Rd7+ Kc8 46. Rd6 Rhd2+ 47. Ke5 Ra3 48. e4 d4 49. Kxe6 d3 50. e5 Re2 51. Kf5
Rf2+ 52. Kg4 Rf1 53. e6 Rxf6 54. e7 Rxd6 55. e8=Q+ Kc7 56. Qe7+ 1-0

[Event "4. Copenhagen Open Politiken Cup"]
[Site "Brndby"]
[Date "1982.??.??"]
[Round "10"]
[White "Wicker, Kevin J"]
[Black "Laird, Craig"]
[Result "1-0"]
[WhiteElo "2275"]
[BlackElo "2340"]
[PlyCount "105"]
[EventDate "1982.??.??"]
[EventType "swiss"]
[EventRounds "10"]
[EventCountry "DEN"]
[SourceDate "2004.01.01"]

1. d4 Nf6 2. Nf3 d6 3. Bf4 g6 4. Nbd2 Bg7 5. e4 O-O 6. c3 Nbd7 7. h3 c5 8. Bd3
Re8 9. O-O e5 10. dxe5 Nxe5 11. Bxe5 dxe5 12. Qc2 Qc7 13. Rfd1 Bd7 14. a4 Nh5
15. Bc4 Re7 16. Nf1 Bh6 17. N3h2 Nf6 18. Qe2 Bc6 19. Ng4 Nxg4 20. Qxg4 Rd8 21.
Qh4 Kg7 22. Rxd8 Qxd8 23. Rd1 Qe8 24. Nh2 f6 25. Rd6 Bg5 26. Qg4 h5 27. Qd1 Rd7
28. Nf3 Bh6 29. Bb5 Bxb5 30. axb5 Rxd6 31. Qxd6 b6 32. b3 Qf8 33. Qd1 Qe7 34.
g3 Qb7 35. Qd3 Qc8 36. Kg2 Qc7 37. c4 Kf7 38. Ng1 Bf8 39. Ne2 Qd6 40. Qxd6 Bxd6
41. Nc3 Bc7 42. Nd5 Bd8 43. Kf3 Ke6 44. Ke3 Kd6 45. f4 Ke6 46. Kd3 Be7 47. f5+
gxf5 48. exf5+ Kd6 49. Ke4 Bd8 50. Ne3 Be7 51. g4 hxg4 52. Nxg4 Kd7 53. Kd5 1-0

[Event "4. Copenhagen Open Politiken Cup"]
[Site "Brndby"]
[Date "1982.??.??"]
[Round "10"]
[White "Wiedenkeller, Michael"]
[Black "Hjartarson, Johann"]
[Result "1/2-1/2"]
[WhiteElo "2320"]
[BlackElo "2425"]
[PlyCount "24"]
[EventDate "1982.??.??"]
[EventType "swiss"]
[EventRounds "10"]
[EventCountry "DEN"]
[SourceDate "2004.01.01"]

1. e4 c5 2. Nc3 Nc6 3. g3 g6 4. d3 Bg7 5. Be3 d6 6. Qd2 Rb8 7. Bg2 b5 8. Nf3 b4
9. Nd1 Nd4 10. O-O Nxf3+ 11. Bxf3 Nf6 12. Bh6 O-O 1/2-1/2